00726nam a2200205Ia 4500003000900000008004100009020001800050040001600068080001700084100002500101245012400126260003700250300001400287650004100301650003200342650002100374942000700395999001500402952010300417IN-BaIIA211028s9999 xx 000 0 eng d a0-85066-094-7 cIIA Library a520.1bGWO-2 aMeadows, A. J.96330 0aGreenwich observatorybvol. 2, recent history (1836-1975)cA. J. Meadows  aLondonbTaylor and Francisc1975 axi, 135p. aAstronomy and astrophysics thesaurus aGreenwich observatory99702 aObservatory9970 cBK c5587d5587 00104070aBANbBANcGENd1977-10-01l0o520.1/ GWO-2p6255r2021-11-05w1977-10-01yBKG£ 25.00